000 00807nam a2200265Ia 4500
003 OSt
005 20220926024841.0
006 a|||||r|||| 00| 0
007 ta
008 220923b |||||||| |||| 00| 0 eng d
020 _a0198279159
037 _cGeneral Book
040 _aRTL
_cRTL
_beng
041 _2eng
_aeng
082 _aY73(Q4).3.N9, N4
100 _aWilson Bryan
_917035
245 0 _aTime to chant
_b The soka gakkoi Buddhists in Britain
260 _aOxford
_bClarendon Press
_c1994
300 _axi, 267p
_ccm.
500 _aBibliography: P 259-60; Glossary: P 256-57; Appendix: P 232-55
650 _aHindus
700 _a Dobbelaere Karel
_9331565
942 _hY73(Q4).3.N9, N4
_cGB
_2CC
999 _c645690
_d645690